00198nam a2200085 a 4500003000200000005001700002008004100019050001800060245003400078020240920132656.0970101s19uu xx 00 eng d aVHS 900bR 07 aChina :bdynasties of power /